Click a CW Show Quiz Stats

 Plays Quiz Updated Jul 25, 2018

Challenge
Share
Tweet
Score 0/20 Timer 04:00
0 Plays Today
% Correct
The Flash
95.1%
Everybody Hates Chris
90.7%
Smallville
84.7%
The Vampire Diaries
83.1%
Penn & Teller: Fool Us
82.7%
The Carrie Diaries
82.6%
Whose Line Is It Anyway?
80%
Jane the Virgin
79.3%
Gossip Girl
77.7%
Reign
76.9%
% Correct
Legends of Tomorrow
76.7%
Supernatural
76.1%
Nikita
74.8%
90210
72%
The 100
71.3%
Crazy Ex-Girlfriend
70.5%
The Originals
66.5%
Hart of Dixie
64.6%
Arrow
62.6%
One Tree Hill
54.5%

You're not logged in!

Compare scores with friends on all Sporcle quizzes.
Join for Free
OR
Log In

You Might Also Like...

Show Comments

Extras

Top Quizzes Today


Score Distribution

Your Account Isn't Verified!

In order to create a playlist on Sporcle, you need to verify the email address you used during registration. Go to your Sporcle Settings to finish the process.

Report this User

Report this user for behavior that violates our Community Guidelines.

Details: